| 000 | 00448nam a22001577u 4500 | ||
|---|---|---|---|
| 008 | 130405s1929 xxu||||| |||| 00| 0 fre d | ||
| 041 | _afre | ||
| 100 | 1 |
_aLagrange, Marie-Joseph _d(1855-1938) _c(O.P.) _911938 |
|
| 245 | 0 | 0 |
_aÉvangile selon Saint Marc _cMarie Joseph Lagrange |
| 250 | _a4ª ed. | ||
| 260 |
_aParis: _bGabalda, _c1929 |
||
| 300 |
_aCXCI, 480 p. _c;25 cm. |
||
| 630 | 0 | 4 |
_aBiblia _pN.T. _pEvangelios _913405 |
| 942 | _cBK | ||
| 001 | 674 | ||
| 999 |
_c234405 _d234405 |
||